[Event "ODJM A 2017"]
[Site "Willingen GER"]
[Date "2017.06.06"]
[Round "5"]
[White "Schneider, Edward"]
[Black "Nasoyan, Maksim"]
[Result "0-1"]
[Termination "normal"]
[Board "61"]
[WhiteElo "1675"]
[BlackElo "1917"]
[PlyCount "76"]
[WhiteFideId "16200870"]
[BlackFideId "16220331"]
[EventCountry "GER"]
[EventRounds "9"]
[EventType "swiss"]
[EventDate "2017.06.03"]

1. e4 c5 2. Nf3 Nc6 3. d4 cxd4 4. Nxd4 Nf6 5. Nc3 e5 6. Ndb5 d6 7. Bg5 a6 8.
Na3 b5 9. Nd5 Be7 10. Bxf6 Bxf6 11. c3 Bg5 12. Bd3 O-O 13. O-O Be6 14. Nc2 Ne7
15. Ncb4 f5 16. f3 a5 17. Nxe7+ Qxe7 18. Nd5 Bxd5 19. exd5 Be3+ 20. Kh1 f4 21.
Qc2 Qh4 22. Bxb5 Rf6 23. h3 Rg6 24. Bd3 Rg3 25. b4 Rc8 26. Rab1 Rxc3 27. Bxh7+
Qxh7 28. Qxh7+ Kxh7 29. Rb2 axb4 30. Rfb1 Bc5 31. Rb3 Rc2 32. R3b2 Rxb2 33.
Rxb2 Rg5 34. Kh2 Rf5 35. g3 fxg3+ 36. Kxg3 Rg5+ 37. Kh4 Kh6 38. Rb1 Bf2# 0-1

[Event "ODJM A 2017"]
[Site "Willingen GER"]
[Date "2017.06.06"]
[Round "5"]
[White "Bethke, Robert"]
[Black "Zha, Kevin"]
[Result "1-0"]
[Termination "normal"]
[Board "62"]
[WhiteElo "1864"]
[BlackElo "1591"]
[PlyCount "59"]
[WhiteFideId "12959251"]
[BlackFideId "16208951"]
[EventCountry "GER"]
[EventRounds "9"]
[EventType "swiss"]
[EventDate "2017.06.03"]

1. c4 e5 2. Nc3 Nf6 3. Nf3 Nc6 4. g3 d5 5. cxd5 Nxd5 6. Bg2 Be6 7. O-O Be7 8.
d3 h6 9. Bd2 O-O 10. a3 Qd7 11. Re1 Rad8 12. b4 a6 13. Rc1 f5 14. Qc2 f4 15.
Nxd5 Bxd5 16. Bc3 Bf6 17. Qb2 fxg3 18. hxg3 Qd6 19. Red1 Rfe8 20. Nd2 Bxg2 21.
Kxg2 Qd5+ 22. Ne4 Nd4 23. Bxd4 exd4 24. Rc5 Qf7 25. Nxf6+ gxf6 26. Rh1 Kg7 27.
Qc1 Qg6 28. Rxc7+ Kg8 29. Rxh6 Qg5 30. Rh8+ 1-0

[Event "ODJM A 2017"]
[Site "Willingen GER"]
[Date "2017.06.06"]
[Round "5"]
[White "Rupp, Andreas"]
[Black "Faulhaber, Tobias"]
[Result "0-1"]
[Termination "normal"]
[Board "63"]
[WhiteElo "1672"]
[BlackElo "1850"]
[PlyCount "52"]
[WhiteFideId "16225503"]
[BlackFideId "1271914"]
[EventCountry "GER"]
[EventRounds "9"]
[EventType "swiss"]
[EventDate "2017.06.03"]

1. e4 e6 2. Nf3 d5 3. Nc3 Nf6 4. e5 Nfd7 5. d4 c5 6. Bf4 Nc6 7. dxc5 Bxc5 8.
Bd3 f6 9. exf6 Nxf6 10. O-O O-O 11. Qe2 Qe7 12. Rfe1 Bd7 13. Nb5 Rac8 14. Ng5
Ne4 15. Bxe4 Rxf4 16. Bxh7+ Kf8 17. Nf3 a6 18. Nc3 Nd4 19. Nxd4 Bxd4 20. Nxd5
Rxf2 21. Qh5 Rf5+ 22. Kh1 Rxh5 23. Nxe7 Kxe7 24. Bg6 Rh6 25. Be4 Bf2 26. Re2
Rxh2+ 0-1

[Event "ODJM A 2017"]
[Site "Willingen GER"]
[Date "2017.06.06"]
[Round "5"]
[White "Kolb, Tobias"]
[Black "Wieber, Dominik"]
[Result "0-1"]
[Termination "normal"]
[Board "64"]
[WhiteElo "1656"]
[BlackElo "1818"]
[PlyCount "112"]
[WhiteFideId "12992321"]
[BlackFideId "24699012"]
[EventCountry "GER"]
[EventRounds "9"]
[EventType "swiss"]
[EventDate "2017.06.03"]

1. e4 e5 2. Bc4 Bc5 3. d3 d6 4. Nc3 Nc6 5. f4 Nf6 6. Nf3 Bg4 7. h3 Bh5 8. g4
Nxg4 9. hxg4 Bxg4 10. Bb5 exf4 11. Bxf4 O-O 12. Bxc6 bxc6 13. d4 Qf6 14. Bg5
Qxf3 15. Qxf3 Bxf3 16. Rh3 Bxd4 17. Rxf3 Rfe8 18. O-O-O Bxc3 19. Rxc3 c5 20.
Re3 f6 21. Bf4 Re7 22. Rde1 Rae8 23. Kd2 Kf7 24. c3 a5 25. c4 Rb8 26. Rb3 Rb4
27. Rxb4 cxb4 28. b3 g5 29. Bg3 h5 30. Kd3 h4 31. Bf2 Ke6 32. Ke3 c5 33. Kf3
Ra7 34. Kg4 a4 35. e5 dxe5 36. Bxc5 Rc7 37. Bxb4 axb3 38. axb3 Rb7 39. Ra1 Rxb4
40. Ra6+ Ke7 41. Kf5 Rxb3 42. Ra7+ Kd6 43. Kxf6 g4 44. Kg5 h3 45. Kxg4 h2 46.
Ra1 Kc5 47. Kf5 Rh3 48. Rh1 Kd4 49. Kg4 Rh8 50. Kf3 e4+ 51. Ke2 Rh3 52. Kf2
Kxc4 53. Kg2 Rh8 54. Rxh2 Rxh2+ 55. Kxh2 Kd3 56. Kg2 Kd2 0-1

[Event "ODJM A 2017"]
[Site "Willingen GER"]
[Date "2017.06.06"]
[Round "5"]
[White "Ziegenfuß, Larissa"]
[Black "Behringer, Tom"]
[Result "1-0"]
[Termination "normal"]
[Board "65"]
[WhiteElo "1685"]
[BlackElo "1840"]
[PlyCount "79"]
[WhiteFideId "12974722"]
[BlackFideId "16203496"]
[EventCountry "GER"]
[EventRounds "9"]
[EventType "swiss"]
[EventDate "2017.06.03"]

1. e4 e6 2. d3 d5 3. Nd2 c5 4. g3 Nc6 5. Bg2 Nf6 6. Ngf3 Bd6 7. O-O O-O 8. Re1
Qc7 9. Qe2 Nd7 10. Nh4 d4 11. f4 e5 12. f5 b5 13. Ndf3 Ba6 14. g4 c4 15. Bg5 f6
16. Bd2 Nc5 17. Rf1 cxd3 18. cxd3 b4 19. Ne1 Na4 20. Rb1 Qf7 21. Nef3 Nc5 22.
Ne1 Qxa2 23. Rc1 Qxb2 24. Rf3 Bb5 25. Rg3 h6 26. g5 fxg5 27. Ng6 Rf6 28. h4
gxh4 29. Nxh4 Qb3 30. Qg4 Qf7 31. Ng6 Kh7 32. Qh5 Nb3 33. Nf3 Qe8 34. Bxh6 gxh6
35. Rh3 Rxg6 36. Ng5+ Rxg5 37. Qxh6+ Kg8 38. Qxg5+ Kf8 39. Rh8+ Kf7 40. Rh7+
1-0

[Event "ODJM A 2017"]
[Site "Willingen GER"]
[Date "2017.06.06"]
[Round "5"]
[White "May, Ben-Iven"]
[Black "Grunert, Friedrich"]
[Result "1/2-1/2"]
[Termination "normal"]
[Board "66"]
[WhiteElo "1861"]
[BlackElo "1805"]
[PlyCount "80"]
[WhiteFideId "16229673"]
[BlackFideId "12995592"]
[EventCountry "GER"]
[EventRounds "9"]
[EventType "swiss"]
[EventDate "2017.06.03"]

1. Nf3 Nf6 2. g3 g6 3. b3 Bg7 4. Bb2 O-O 5. Bg2 d5 6. O-O c6 7. c4 Re8 8. d3 e6
9. Qc2 Na6 10. a3 Bd7 11. Nbd2 Nc7 12. Rfd1 b6 13. Rab1 c5 14. Ba1 Rc8 15. Ne5
a6 16. Ndf3 Qe7 17. Qa2 b5 18. d4 bxc4 19. bxc4 Ba4 20. Rd3 dxc4 21. Nxc4 Ncd5
22. Nfd2 Rb8 23. e4 Nc7 24. dxc5 Qxc5 25. Rc1 Red8 26. Rxd8+ Rxd8 27. Qb1 Qa7
28. Qb4 Bb5 29. a4 Bxc4 30. Nxc4 Ng4 31. Qb6 Qxb6 32. Nxb6 Bxa1 33. Rxa1 Rd2
34. Rc1 Ne8 35. Rc8 Kf8 36. Ra8 Rxf2 37. Rxa6 Nc7 38. Ra7 Rc2 39. Bf1 Rc1 40.
Nc4 Ne8 1/2-1/2

[Event "ODJM A 2017"]
[Site "Willingen GER"]
[Date "2017.06.06"]
[Round "5"]
[White "Erezhep, Assylzhan"]
[Black "Böhlemann, Christian"]
[Result "1/2-1/2"]
[Termination "normal"]
[Board "67"]
[WhiteElo "1753"]
[BlackElo "1565"]
[PlyCount "42"]
[WhiteFideId "13712144"]
[EventCountry "GER"]
[EventRounds "9"]
[EventType "swiss"]
[EventDate "2017.06.03"]

1. e4 d5 2. exd5 Qxd5 3. Nc3 Qa5 4. d4 c6 5. Nf3 Nf6 6. Bd2 Bf5 7. h3 Nbd7 8.
Bc4 e6 9. O-O Bd6 10. Nb5 Bb4 11. Bxb4 Qxb4 12. Nc7+ Ke7 13. Nxa8 Qxc4 14. c3
Rxa8 15. Re1 Rd8 16. Nh4 Bg6 17. Nxg6+ hxg6 18. Qd2 Nb6 19. Re5 Rd5 20. b3 Qa6
21. Rd1 Nbd7 1/2-1/2

[Event "ODJM A 2017"]
[Site "Willingen GER"]
[Date "2017.06.06"]
[Round "5"]
[White "Köllner, Felicitas Ophelia"]
[Black "Bilecen, Simon"]
[Result "0-1"]
[Termination "normal"]
[Board "68"]
[WhiteElo "1698"]
[BlackElo "1557"]
[PlyCount "94"]
[WhiteFideId "16207521"]
[BlackFideId "16225511"]
[EventCountry "GER"]
[EventRounds "9"]
[EventType "swiss"]
[EventDate "2017.06.03"]

1. d4 Nf6 2. Nf3 e6 3. e3 b6 4. Nbd2 Bb7 5. Bd3 Be7 6. e4 Nc6 7. c3 O-O 8. e5
Nd5 9. Ne4 d6 10. exd6 cxd6 11. Bg5 h6 12. Bxe7 Qxe7 13. O-O Nf4 14. Bc2 f5 15.
Ned2 Rf6 16. Kh1 g5 17. Ne1 e5 18. dxe5 dxe5 19. Nd3 Kh8 20. Rc1 Nxd3 21. Bxd3
Rd8 22. Qe2 Qd7 23. Bc2 Qxd2 24. Qh5 Kg7 25. Qh3 g4 26. Qg3 Qf4 27. Qxf4 exf4
28. Rfe1 f3 29. gxf3 Na5 30. Re7+ Rf7 31. Rce1 Bxf3+ 32. Kg1 f4 33. b4 Nc6 34.
Rxf7+ Kxf7 35. Bb3+ Bd5 36. Bxd5+ Rxd5 37. Kf1 f3 38. a4 Rd3 39. Rc1 Ke6 40.
Ke1 Ne5 41. Rc2 Kd5 42. Rc1 Kc4 43. Rc2 Rxc3 44. Rxc3+ Kxc3 45. a5 Nd3+ 46. Kf1
Kxb4 47. axb6 axb6 0-1

[Event "ODJM A 2017"]
[Site "Willingen GER"]
[Date "2017.06.06"]
[Round "5"]
[White "Askri, Samir"]
[Black "Klugstedt, Vincent"]
[Result "0-1"]
[Termination "normal"]
[Board "69"]
[WhiteElo "1796"]
[BlackElo "1636"]
[PlyCount "56"]
[WhiteFideId "12924938"]
[BlackFideId "16216393"]
[EventCountry "GER"]
[EventRounds "9"]
[EventType "swiss"]
[EventDate "2017.06.03"]

1. e4 c5 2. Nf3 Nc6 3. d4 cxd4 4. Nxd4 g6 5. Nc3 Bg7 6. Be3 Nf6 7. Bc4 O-O 8.
Bb3 d6 9. f3 Bd7 10. Qd2 Nxd4 11. Bxd4 b5 12. O-O a5 13. a4 b4 14. Ne2 Rc8 15.
c3 bxc3 16. Bxc3 Qb6+ 17. Nd4 e5 18. Bxa5 Qxd4+ 19. Qxd4 exd4 20. Bd1 Be6 21.
b4 Nd7 22. Rb1 d3 23. Bb3 Bxb3 24. Rxb3 Rc3 25. Rxc3 Bxc3 26. Rd1 d2 27. Kf2
Ne5 28. Ke2 Nc4 0-1

[Event "ODJM A 2017"]
[Site "Willingen GER"]
[Date "2017.06.06"]
[Round "5"]
[White "Oberhofer, Marie"]
[Black "Leimbach, Tim Vincent"]
[Result "1/2-1/2"]
[Termination "normal"]
[Board "70"]
[WhiteElo "1599"]
[BlackElo "1640"]
[PlyCount "53"]
[WhiteFideId "12938165"]
[BlackFideId "12988600"]
[EventCountry "GER"]
[EventRounds "9"]
[EventType "swiss"]
[EventDate "2017.06.03"]

1. e4 c5 2. Nf3 Nc6 3. d4 cxd4 4. Nxd4 g6 5. Nc3 Bg7 6. Be3 Nf6 7. Nxc6 bxc6 8.
e5 Ng8 9. f4 Nh6 10. Bd3 d6 11. exd6 exd6 12. Qf3 d5 13. Bc5 Qa5 14. Qe3+ Be6
15. Bd4 O-O 16. Bxg7 Kxg7 17. Qe5+ Kg8 18. O-O-O Ng4 19. Qe1 d4 20. Ne4 Qxa2
21. Qb4 Ne3 22. Nf6+ Kg7 23. Qxd4 Rfd8 24. Nh5+ Kf8 25. Qh8+ Ke7 26. Qf6+ Kf8
27. Qh8+ 1/2-1/2

[Event "ODJM A 2017"]
[Site "Willingen GER"]
[Date "2017.06.06"]
[Round "5"]
[White "Wagner, Swenja"]
[Black "von Freymann, Franz"]
[Result "0-1"]
[Termination "normal"]
[Board "71"]
[WhiteElo "1779"]
[BlackElo "1643"]
[PlyCount "96"]
[WhiteFideId "12900494"]
[BlackFideId "12994014"]
[EventCountry "GER"]
[EventRounds "9"]
[EventType "swiss"]
[EventDate "2017.06.03"]

1. e4 c5 2. Nf3 d6 3. d4 cxd4 4. Nxd4 Nf6 5. Nc3 g6 6. Bc4 Bg7 7. f3 O-O 8. Be3
Nc6 9. Qd2 Bd7 10. O-O-O Rc8 11. Bb3 a5 12. h4 Nxd4 13. Bxd4 b5 14. a4 bxa4 15.
Nxa4 Bxa4 16. Bxa4 Rb8 17. Bc3 Qb6 18. g4 Rfc8 19. Qd4 Qc7 20. Qe3 Qc4 21. Bb3
Qb5 22. Qa7 Rb7 23. Qd4 Ne8 24. Qd5 Qxd5 25. Bxd5 Rbc7 26. Bxg7 Rxc2+ 27. Kb1
Kxg7 28. Rc1 R2c5 29. Rxc5 Rxc5 30. Rc1 Rxc1+ 31. Kxc1 Nc7 32. Bc4 e6 33. Bd3
Kf6 34. f4 d5 35. Kc2 dxe4 36. Bxe4 Nd5 37. Bxd5 exd5 38. Kc3 Ke6 39. Kd4 Kd6
40. b3 h6 41. f5 gxf5 42. gxf5 f6 43. h5 Kc6 44. Kd3 Kc5 45. Kc3 d4+ 46. Kd3
Kd5 47. Kd2 Ke4 48. Ke2 Kxf5 0-1

[Event "ODJM A 2017"]
[Site "Willingen GER"]
[Date "2017.06.06"]
[Round "5"]
[White "Werner, Tom"]
[Black "Niemann, Leon"]
[Result "0-1"]
[Termination "normal"]
[Board "72"]
[WhiteElo "1593"]
[BlackElo "1567"]
[PlyCount "66"]
[WhiteFideId "16223756"]
[BlackFideId "16218388"]
[EventCountry "GER"]
[EventRounds "9"]
[EventType "swiss"]
[EventDate "2017.06.03"]

1. c4 Nf6 2. Nc3 g6 3. Nf3 Bg7 4. g3 O-O 5. Bg2 d6 6. d3 e5 7. b3 c6 8. Bb2 h6
9. Nd2 Be6 10. Nde4 Ne8 11. O-O f5 12. Nd2 Nd7 13. b4 Rb8 14. a3 g5 15. e3 g4
16. f3 h5 17. fxg4 hxg4 18. h3 Qg5 19. Qe1 Rf6 20. h4 Qh6 21. Rb1 Rf8 22. Nb3
Nc7 23. Rd1 d5 24. cxd5 cxd5 25. Na4 d4 26. Nbc5 dxe3 27. Nxe6 Nxe6 28. Bd5 f4
29. gxf4 exf4 30. Bxg7 Kxg7 31. Qc3+ Kh7 32. Be4+ Kg8 33. Qc4 e2 0-1

[Event "ODJM A 2017"]
[Site "Willingen GER"]
[Date "2017.06.06"]
[Round "5"]
[White "Wastian, Mareike"]
[Black "Seinsoth, Paul"]
[Result "1/2-1/2"]
[Termination "normal"]
[Board "74"]
[WhiteElo "1711"]
[BlackElo "1455"]
[PlyCount "56"]
[WhiteFideId "12947423"]
[BlackFideId "12994634"]
[EventCountry "GER"]
[EventRounds "9"]
[EventType "swiss"]
[EventDate "2017.06.03"]

1. e4 c5 2. d4 cxd4 3. c3 dxc3 4. Nxc3 Nc6 5. Nf3 d6 6. Bc4 a6 7. O-O Nf6 8.
Qe2 Bg4 9. Rd1 Qc7 10. Bf4 e6 11. h3 Bxf3 12. Qxf3 Be7 13. Rac1 Rd8 14. Bb3 Qb8
15. Na4 Na5 16. Bc2 b5 17. Nc5 e5 18. Bd2 dxc5 19. Bxa5 Rxd1+ 20. Rxd1 O-O 21.
Qd3 c4 22. Qe3 Rc8 23. b3 Bc5 24. Qf3 Bb6 25. Bb4 Bc5 26. Ba5 Bb6 27. Bb4 Bc5
28. Ba5 Bb6 1/2-1/2

[Event "ODJM A 2017"]
[Site "Willingen GER"]
[Date "2017.06.06"]
[Round "5"]
[White "Svane, Freja"]
[Black "Grozea, Filip"]
[Result "1-0"]
[Termination "normal"]
[Board "76"]
[WhiteElo "1446"]
[BlackElo "1582"]
[PlyCount "73"]
[WhiteFideId "12940100"]
[BlackFideId "12958450"]
[EventCountry "GER"]
[EventRounds "9"]
[EventType "swiss"]
[EventDate "2017.06.03"]

1. d4 c5 2. d5 d6 3. c4 g6 4. e4 Bg7 5. Be2 Nf6 6. Qc2 e6 7. Nc3 exd5 8. exd5
O-O 9. Nf3 Bf5 10. Bd3 Re8+ 11. Ne2 Bxd3 12. Qxd3 Qe7 13. h3 Nh5 14. Rb1 a5 15.
Be3 Na6 16. O-O Nb4 17. Qb3 a4 18. Qd1 Nxa2 19. Ra1 Nb4 20. Rxa4 Bxb2 21. Qb3
Bg7 22. Nc3 Qd7 23. Nb5 f5 24. Ng5 Ra6 25. Bd2 Rxa4 26. Qxa4 Na6 27. Ne6 Bf6
28. Qa5 Kf7 29. Qb6 Be7 30. Bg5 Ng7 31. Bxe7 Rxe7 32. Nxd6+ Kg8 33. Qd8+ Qxd8
34. Nxd8 b6 35. Rb1 Nb4 36. Nc6 Ne8 37. Nxe7+ 1-0

[Event "ODJM A 2017"]
[Site "Willingen GER"]
[Date "2017.06.06"]
[Round "5"]
[White "Graf, Maria"]
[Black "Khanbekyan, Areg"]
[Result "1-0"]
[Termination "normal"]
[Board "77"]
[WhiteElo "1546"]
[BlackElo "1647"]
[PlyCount "53"]
[WhiteFideId "12917702"]
[BlackFideId "12993727"]
[EventCountry "GER"]
[EventRounds "9"]
[EventType "swiss"]
[EventDate "2017.06.03"]

1. d4 Nf6 2. Nf3 c5 3. c3 cxd4 4. cxd4 g6 5. Nc3 Bg7 6. Bf4 d6 7. e3 O-O 8. Be2
Nc6 9. a3 Bd7 10. h3 a6 11. O-O b5 12. Nd2 Rb8 13. Nce4 a5 14. Bf3 b4 15. Rc1
Qb6 16. Nc4 Qa6 17. Be2 Qb7 18. Bf3 Qa7 19. Nxf6+ Bxf6 20. Nxd6 Rb6 21. Nc4
Rbb8 22. Bxb8 Rxb8 23. Qd2 bxa3 24. bxa3 Rb3 25. Bxc6 Bxc6 26. Nxa5 Bb5 27.
Nxb3 1-0

[Event "ODJM A 2017"]
[Site "Willingen GER"]
[Date "2017.06.06"]
[Round "5"]
[White "Jenner, Meikel"]
[Black "Nimptsch, Nikolas"]
[Result "1-0"]
[Termination "normal"]
[Board "78"]
[WhiteElo "1464"]
[BlackElo "1536"]
[PlyCount "103"]
[WhiteFideId "16245342"]
[BlackFideId "16245334"]
[EventCountry "GER"]
[EventRounds "9"]
[EventType "swiss"]
[EventDate "2017.06.03"]

1. e4 b6 2. d4 Bb7 3. Nc3 e6 4. g3 Bb4 5. Bg2 f5 6. Nge2 fxe4 7. O-O Nf6 8. Bg5
d5 9. Nf4 Qe7 10. Bh3 Bxc3 11. bxc3 Bc8 12. Nxd5 exd5 13. Bxc8 c5 14. Bxf6 gxf6
15. Qh5+ Kd8 16. Qxd5+ Kxc8 17. Qxa8 Rd8 18. Rfe1 f5 19. f3 Rd7 20. fxe4 Rb7
21. exf5 Qd7 22. Re5 Kc7 23. Rae1 Nc6 24. Re6 Rb8 25. Qxc6+ Qxc6 26. Rxc6+ Kxc6
27. Re7 Rf8 28. dxc5 Kxc5 29. Rxa7 h5 30. Rc7+ Kd6 31. Rc4 Rxf5 32. Rd4+ Kc5
33. Kg2 Re5 34. Kf2 Kc6 35. Rh4 b5 36. Rf4 Rc5 37. Rf6+ Kd7 38. Rf3 Ke6 39. Ke2
Rc4 40. Kd3 Ra4 41. Rf4 Ra8 42. Rh4 Rd8+ 43. Ke2 Rd5 44. c4 Rc5 45. cxb5 Rxc2+
46. Kd3 Rxa2 47. Rxh5 Rb2 48. g4 Kf6 49. Kc4 Rg2 50. h3 Rc2+ 51. Kb4 Rb2+ 52.
Ka5 1-0

[Event "ODJM A 2017"]
[Site "Willingen GER"]
[Date "2017.06.06"]
[Round "5"]
[White "Hungeling, David"]
[Black "Silini, Jalel"]
[Result "1-0"]
[Termination "normal"]
[Board "79"]
[WhiteElo "1482"]
[BlackElo "1581"]
[PlyCount "63"]
[WhiteFideId "16222440"]
[BlackFideId "16215397"]
[EventCountry "GER"]
[EventRounds "9"]
[EventType "swiss"]
[EventDate "2017.06.03"]

1. e4 e5 2. Nf3 Nc6 3. Bb5 a6 4. Ba4 b5 5. Bb3 Bc5 6. c3 Nf6 7. O-O d6 8. h3
O-O 9. Re1 Bb7 10. d4 Bb6 11. Bg5 Re8 12. Bd5 h6 13. Bxf6 Qxf6 14. Na3 Rab8 15.
Nc2 Nd8 16. Nb4 c5 17. Bxb7 Nxb7 18. Nd5 Qd8 19. a3 Ba7 20. Qd2 Qd7 21. dxe5
Rbd8 22. exd6 Nxd6 23. Rad1 Qc6 24. Qc2 c4 25. Kf1 Kf8 26. Re2 Nxe4 27. Rxe4
Rxd5 28. Rxe8+ Kxe8 29. Qe4+ Kf8 30. Qxd5 Qb6 31. Qd8+ Qxd8 32. Rxd8+ 1-0

[Event "ODJM A 2017"]
[Site "Willingen GER"]
[Date "2017.06.07"]
[Round "6"]
[White "Reuker, Jari"]
[Black "Wenninger, Philipp"]
[Result "1-0"]
[Termination "normal"]
[Board "1"]
[WhiteElo "2169"]
[BlackElo "2345"]
[WhiteClock "00:04:30"]
[BlackClock "00:14:18"]
[PlyCount "119"]
[WhiteFideId "12909300"]
[BlackFideId "4648404"]
[EventCountry "GER"]
[EventRounds "9"]
[EventType "swiss"]
[EventDate "2017.06.03"]

1. e4 {[%clk 1:30:57]} 1... c6 {[%clk 1:30:57]} 2. d4 {[%clk 1:31:20]} 2... d5
{[%clk 1:31:24]} 3. e5 {[%clk 1:31:45]} 3... Bf5 {[%clk 1:31:49]} 4. Nf3 {
[%clk 1:32:09]} 4... e6 {[%clk 1:32:16]} 5. Be2 {[%clk 1:32:33]} 5... Nd7 {
[%clk 1:32:43]} 6. O-O {[%clk 1:32:51]} 6... h6 {[%clk 1:33:09]} 7. a4 { [%clk
1:33:07]} 7... Ne7 {[%clk 1:30:22]} 8. a5 {[%clk 1:30:49]} 8... Qc7 { [%clk
1:27:50]} 9. a6 {[%clk 1:26:54]} 9... b6 {[%clk 1:24:51]} 10. Nh4 { [%clk
1:23:32]} 10... Bh7 {[%clk 1:24:42]} 11. f4 {[%clk 1:23:51]} 11... O-O-O {[%clk
1:09:55]} 12. Nf3 {[%clk 1:04:38]} 12... f6 {[%clk 1:04:59]} 13. c4 { [%clk
0:55:18]} 13... fxe5 {[%clk 0:45:44]} 14. fxe5 {[%clk 0:54:13]} 14... g5 {[%clk
0:40:19]} 15. Nc3 {[%clk 0:50:35]} 15... Kb8 {[%clk 0:39:46]} 16. cxd5 { [%clk
0:46:29]} 16... Nxd5 {[%clk 0:35:16]} 17. Nxd5 {[%clk 0:45:01]} 17... cxd5
{[%clk 0:35:39]} 18. Be3 {[%clk 0:32:37]} 18... Qc2 {[%clk 0:34:09]} 19. Qxc2
{[%clk 0:30:44]} 19... Bxc2 {[%clk 0:34:37]} 20. Rac1 {[%clk 0:29:40]} 20...
Bf5 {[%clk 0:34:57]} 21. Rc6 {[%clk 0:25:15]} 21... Bb4 {[%clk 0:21:42]} 22.
Rfc1 {[%clk 0:23:48]} 22... Nf8 {[%clk 0:19:08]} 23. Bd2 {[%clk 0:22:44]} 23...
Bxd2 {[%clk 0:16:14]} 24. Nxd2 {[%clk 0:23:09]} 24... Rh7 {[%clk 0:14:20] } 25.
Nf1 {[%clk 0:20:35]} 25... Ng6 {[%clk 0:10:47]} 26. g3 {[%clk 0:20:12]} 26...
Ne7 {[%clk 0:10:05]} 27. Rc7 {[%clk 0:19:26]} 27... Nc8 {[%clk 0:06:44]} 28.
R7c3 {[%clk 0:16:33]} 28... h5 {[%clk 0:04:35]} 29. Ne3 {[%clk 0:15:32]} 29...
Bg6 {[%clk 0:04:03]} 30. Rc6 {[%clk 0:14:35]} 30... Re7 {[%clk 0:04:23]} 31.
Nxd5 {[%clk 0:12:17]} 31... Red7 {[%clk 0:03:10]} 32. Bf3 {[%clk 0:02:17]}
32... g4 {[%clk 0:03:09]} 33. Bg2 {[%clk 0:02:27]} 33... Bd3 {[%clk 0:03:10]}
34. Nb4 {[%clk 0:01:58]} 34... Bb5 {[%clk 0:03:38]} 35. Rxe6 {[%clk 0:01:35]}
35... Rxd4 {[%clk 0:04:02]} 36. Nc6+ {[%clk 0:01:48]} 36... Bxc6 { [%clk
0:04:27]} 37. Rexc6 {[%clk 0:02:09]} 37... Ne7 {[%clk 0:04:16]} 38. R6c2 {[%clk
0:02:07]} 38... Nd5 {[%clk 0:02:47]} 39. e6 {[%clk 0:01:04]} 39... Re8 { [%clk
0:01:37]} 40. Re2 {[%clk 0:00:38]} 40... Re7 {[%clk 0:01:11]} 41. Rf2 { [%clk
0:22:50]} 41... Re8 {[%clk 0:27:51]} 42. Rf7 {[%clk 0:21:39]} 42... Ne7 { [%clk
0:27:01]} 43. Bb7 {[%clk 0:20:36]} 43... Rdd8 {[%clk 0:27:25]} 44. Rh7 { [%clk
0:19:31]} 44... Ng8 {[%clk 0:25:05]} 45. Rd7 {[%clk 0:17:32]} 45... Nf6 { [%clk
0:23:57]} 46. Rdc7 {[%clk 0:11:17]} 46... Rd1+ {[%clk 0:24:20]} 47. Kf2 { [%clk
0:10:46]} 47... Rd2+ {[%clk 0:22:09]} 48. Ke3 {[%clk 0:10:23]} 48... Rdd8
{[%clk 0:18:08]} 49. Kf4 {[%clk 0:10:03]} 49... Ng8 {[%clk 0:16:30]} 50. Kg5 {
[%clk 0:08:54]} 50... Ne7 {[%clk 0:16:32]} 51. Kxh5 {[%clk 0:08:07]} 51... Nf5
{[%clk 0:15:37]} 52. Kxg4 {[%clk 0:07:51]} 52... Nd6 {[%clk 0:13:40]} 53. e7 {
[%clk 0:06:59]} 53... Rg8+ {[%clk 0:13:59]} 54. Kf3 {[%clk 0:06:55]} 54... Rde8
{[%clk 0:14:27]} 55. Rd7 {[%clk 0:06:41]} 55... Nf7 {[%clk 0:13:37]} 56. Kg2 {
[%clk 0:06:30]} 56... Ne5 {[%clk 0:13:58]} 57. Rdc7 {[%clk 0:06:28]} 57... Ng6
{[%clk 0:13:48]} 58. Rc8+ {[%clk 0:03:34]} 58... Rxc8 {[%clk 0:14:03]} 59.
Rxc8+ {[%clk 0:04:02]} 59... Rxc8 {[%clk 0:14:18]} 60. Bxc8 {[%clk 0:04:30]}
1-0

[Event "ODJM A 2017"]
[Site "Willingen GER"]
[Date "2017.06.07"]
[Round "6"]
[White "Parvanyan, Ashot"]
[Black "Shopanov, Akzhan"]
[Result "1/2-1/2"]
[Termination "normal"]
[Board "2"]
[WhiteElo "2326"]
[BlackElo "2091"]
[WhiteClock "00:11:48"]
[BlackClock "00:17:57"]
[PlyCount "59"]
[WhiteFideId "13307550"]
[BlackFideId "13713272"]
[EventCountry "GER"]
[EventRounds "9"]
[EventType "swiss"]
[EventDate "2017.06.03"]

1. Nf3 {[%clk 1:30:36]} 1... Nf6 {[%clk 1:30:53]} 2. c4 {[%clk 1:30:48]} 2...
g6 {[%clk 1:28:41]} 3. Nc3 {[%clk 1:30:50]} 3... Bg7 {[%clk 1:29:05]} 4. e4 {
[%clk 1:29:29]} 4... d6 {[%clk 1:29:32]} 5. d4 {[%clk 1:29:54]} 5... O-O {
[%clk 1:29:57]} 6. h3 {[%clk 1:30:21]} 6... c6 {[%clk 1:28:12]} 7. Be2 { [%clk
1:25:52]} 7... a6 {[%clk 1:27:50]} 8. a4 {[%clk 1:22:15]} 8... a5 { [%clk
1:28:17]} 9. Be3 {[%clk 1:15:45]} 9... Na6 {[%clk 1:20:09]} 10. g4 { [%clk
1:14:51]} 10... Nb4 {[%clk 1:18:41]} 11. Nd2 {[%clk 1:03:37]} 11... e5 { [%clk
1:07:08]} 12. d5 {[%clk 1:03:36]} 12... cxd5 {[%clk 1:05:47]} 13. cxd5 { [%clk
1:03:18]} 13... Nd7 {[%clk 1:04:56]} 14. Nc4 {[%clk 0:57:40]} 14... Nc5 { [%clk
1:02:23]} 15. Rg1 {[%clk 0:51:14]} 15... b6 {[%clk 0:57:42]} 16. Rc1 { [%clk
0:44:49]} 16... Ba6 {[%clk 0:55:47]} 17. Bxc5 {[%clk 0:38:37]} 17... bxc5
{[%clk 0:54:21]} 18. Qd2 {[%clk 0:33:47]} 18... Bxc4 {[%clk 0:49:26]} 19. Bxc4
{[%clk 0:34:11]} 19... Bf6 {[%clk 0:47:55]} 20. g5 {[%clk 0:30:54]} 20... Bg7 {
[%clk 0:47:53]} 21. h4 {[%clk 0:27:58]} 21... f5 {[%clk 0:46:05]} 22. Qe2 {
[%clk 0:27:08]} 22... Ra7 {[%clk 0:42:22]} 23. h5 {[%clk 0:25:03]} 23... Raf7 {
[%clk 0:38:59]} 24. hxg6 {[%clk 0:21:21]} 24... hxg6 {[%clk 0:39:16]} 25. exf5
{[%clk 0:21:38]} 25... Rxf5 {[%clk 0:38:46]} 26. Ne4 {[%clk 0:21:39]} 26... Rf4
{[%clk 0:33:25]} 27. Rc3 {[%clk 0:21:02]} 27... Qd7 {[%clk 0:26:07]} 28. Bb5 {
[%clk 0:18:10]} 28... Qf5 {[%clk 0:19:39]} 29. Re3 {[%clk 0:16:08]} 29... Rh4 {
[%clk 0:17:57]} 30. Bc4 {[%clk 0:11:48]} 1/2-1/2